|
|
|
|
| LEADER |
00000nam0a2200000 4500 |
| 001 |
311152 |
| 005 |
20231102002346.0 |
| 020 |
|
|
|a RU
|b 82-12380
|
| 035 |
|
|
|a (RuTPU)RU\TPU\book\336507
|
| 090 |
|
|
|a 311152
|
| 100 |
|
|
|a 20151203d1982 km y0rusy5003 ca
|
| 101 |
0 |
|
|a rus
|
| 102 |
|
|
|a RU
|
| 105 |
|
|
|a a z 001zy
|
| 200 |
1 |
|
|a Контактные задачи для линейно-деформируемого основания
|f Г. Я. Попов
|
| 210 |
|
|
|a Киев
|d 1982
|
| 215 |
|
|
|a 168 с.
|c ил.
|
| 320 |
|
|
|a Библиогр.: с. 163-165
|
| 606 |
1 |
|
|a Деформация
|2 stltpush
|3 (RuTPU)RU\TPU\subj\9389
|9 36648
|
| 610 |
1 |
|
|a упругость, теория
|
| 610 |
1 |
|
|a касательные взаимодействия
|
| 610 |
1 |
|
|a ортогональные многочлены
|
| 610 |
1 |
|
|a методы
|
| 610 |
1 |
|
|a метод факторизации
|
| 610 |
1 |
|
|a контактные взаимодействия
|
| 610 |
1 |
|
|a матрицы
|
| 675 |
|
|
|a 539.3:51
|z rus
|v 3
|
| 700 |
|
1 |
|a Попов
|b Г. Я.
|g Геннадий Яковлевич
|4 070
|
| 801 |
|
0 |
|a RU
|b RuMRKP
|c 19950704
|g psbo
|
| 801 |
|
1 |
|a RU
|b 63413507
|c 20151203
|
| 801 |
|
2 |
|a RU
|b 63413507
|c 20191015
|g RCR
|
| 942 |
|
|
|c BK
|